000 00513nam a2200157 i 4500
001 35639
003 ES-MaACL
005 20230906155155.0
007 t|
008 030213s1940 sp ||||1| spa d
100 1 _aBox María-Cospedal, Antonio.
_931161
245 1 0 _aCirugía
_b: esta obra contesta... el programa de Médicos de Asistencia Pública Domiciliaria /
_cpor Antonio Box.
260 _aMadrid :
_bInstituto Editorial Reus,
_c1940.
300 _a349 p. ;
_c23 cm.
852 _aES-MaACL
_jE-402
_bR.20571
999 _c35639
_d35639